[Event "Challenge"]
[Site "http://www.queenalice.com/game.php?id=1467706"]
[Date "2017.3.7"]
[Round "-"]
[White "guilhermeroza"]
[Black "jean_carlo_klein"]
[Result "0-1"]
[WhiteElo "1367"]
[BlackElo "1174"]

1. e4 d5 2. Nc3 d4 3. Nb1 e5 4. Nf3 Bd6 5. Bc4 Nf6 6. Nh4 Nc6 7. Nf5 Bxf5 8.
exf5 e4 9. f3 O-O 10. Qe2 d3 11. cxd3 Nd4 12. Qf2 Nc2+ 13. Kd1 exd3 14. Bxd3
Nxa1 15. Qd4 c5 16. Qc4 a6 17. Re1 b5 18. Qc3 Re8 19. Rf1 Nd5 20. Qa3 c4 21. Be4
Bxa3 22. Nxa3 Ne3+ 23. Ke1 Nxf1 24. Kxf1 Rxe4 25. fxe4 Qd3+ 26. Ke1 Nc2+ 27. Kf2
Nxa3 28. bxa3 Qc2 29. e5 Qxc1 30. Ke3 Rd8 31. g3 Qxd2+ 32. Kf3 Rd3+ 33. Kg4 Qe2+
34. Kh4 Rd4+ 35. Kh3 Qf1# 0-1

[Event "I Classic Chess"]
[Site "http://www.queenalice.com/game.php?id=1472576"]
[Date "2017.4.9"]
[Round "2"]
[White "HakunaMatata"]
[Black "jean_carlo_klein"]
[Result "0-1"]
[WhiteElo "2219"]
[BlackElo "1100"]

1. e4 d5 2. exd5 Qxd5 3. Nf3 Bg4 4. Be2 Nf6 5. O-O Nbd7 6. h3 Bf5 7. Nc3 Qa5 8.
d3 c6 9. Bd2 Qc7 10. Nd4 e6 11. Nxf5 exf5 12. Re1 O-O-O 13. a3 Bd6 14. b4 h5 15.
Na4 Ng4 16. hxg4 hxg4 17. Bxg4 fxg4 18. Qxg4 Bh2+ 19. Kf1 Be5 20. d4 f5 21. Qf3
Bxd4 22. c3 Rh1+ 23. Ke2 Qe5+ 24. Kd1 Rxe1+ 25. Bxe1 Nc5 26. Nxc5 Bxc3+ 27. Kc2
Bxa1 28. Bc3 Bxc3 29. Qxc3 Qxc3+ 30. Kxc3 Re8 31. Kd2 b6 32. Nd3 g5 33. f4 g4
34. g3 Kc7 35. Ne5 Kd6 36. Kc3 Rxe5 37. fxe5+ Kxe5 38. Kd3 f4 39. gxf4+ Kxf4 40.
Ke2 Kg3 41. Kf1 Kh2 42. Kf2 g3+ 43. Kf1 g2+ 44. Kf2 g1=Q+ 0-1

[Event "Challenge"]
[Site "http://www.queenalice.com/game.php?id=1473312"]
[Date "2017.4.14"]
[Round "-"]
[White "jean_carlo_klein"]
[Black "knight576"]
[Result "0-1"]
[WhiteElo "1100"]
[BlackElo "1968"]

1. e4 e5 2. f4 exf4 3. Nf3 d6 4. Bc4 h6 5. O-O Be6 6. Bxe6 fxe6 7. d4 g5 8. e5
d5 9. Qd3 Ne7 10. Qb5+ Nbc6 11. c3 Qc8 12. Qe2 Nf5 13. Ne1 h5 14. Nd3 Qd7 0-1

[Event "Challenge"]
[Site "http://www.queenalice.com/game.php?id=1473313"]
[Date "2017.4.14"]
[Round "-"]
[White "jean_carlo_klein"]
[Black "knight576"]
[Result "1-0"]
[WhiteElo "1100"]
[BlackElo "1968"]

1. e4 e6 2. d4 d5 3. Nc3 Bb4 4. e5 Ne7 5. f4 Ng6 6. Nf3 Nh4 7. Nxh4 Qxh4+ 8. g3
Qd8 9. Bd3 g6 10. O-O Bd7 11. a3 Bxc3 12. bxc3 c6 13. a4 b6 14. Ba3 Qc8 15. Bd6
1-0

[Event "Challenge"]
[Site "http://www.queenalice.com/game.php?id=1475241"]
[Date "2017.4.25"]
[Round "-"]
[White "jean_carlo_klein"]
[Black "Baby_Chess_91"]
[Result "1-0"]
[WhiteElo "1100"]
[BlackElo "1068"]

1. e4 e5 2. f4 exf4 3. Nf3 d6 4. d4 Nf6 5. Nc3 Nc6 6. Bxf4 Bg4 7. Bb5 Qd7 8. d5
a6 9. dxc6 bxc6 10. Be2 d5 11. Ne5 Qc8 12. Nxg4 Nh5 13. O-O Bc5+ 14. Be3 d4 15.
Bxd4 Qd8 16. Bxc5 Qxd1 17. Raxd1 Rb8 18. Rf5 Ng3 19. Re5# 1-0

[Event "Challenge"]
[Site "http://www.queenalice.com/game.php?id=1478362"]
[Date "2017.5.16"]
[Round "-"]
[White "Baby_Chess_91"]
[Black "jean_carlo_klein"]
[Result "0-1"]
[WhiteElo "1038"]
[BlackElo "1273"]

1. e4 d5 2. exd5 Qxd5 3. Nc3 Qa5 4. d4 Nf6 5. Nf3 Bg4 6. Bf4 e6 7. Bc4 c6 8. O-O
Be7 9. Qd3 Nbd7 10. a3 O-O 11. Rfe1 Qf5 12. Bg3 Qxd3 13. Bxd3 Bxf3 14. gxf3 Nd5
15. Ne4 Rfd8 16. Bc7 Nxc7 17. Bc4 Nb6 18. Ba2 Rxd4 19. Ng3 Rad8 20. c3 Rd2 21.
Re5 Rxb2 22. Rg5 Bxg5 23. Kg2 Rdd2 24. Ne4 Rxa2 25. Re1 Rd5 26. Rb1 Rb5 27. Rd1
Rd2 28. Nxd2 Rd5 29. c4 Rxd2 30. Rb1 Be3 31. a4 Rxf2+ 32. Kg3 Ra2 33. Re1 Bf2+
34. Kf4 Bxe1 35. c5 Rxa4+ 36. Ke5 Nc8 37. f4 f6# 0-1

[Event "I Classic Chess"]
[Site "http://www.queenalice.com/game.php?id=1480116"]
[Date "2017.5.28"]
[Round "3"]
[White "jean_carlo_klein"]
[Black "arcibaldo"]
[Result "1/2-1/2"]
[WhiteElo "1296"]
[BlackElo "2253"]

1. e4 c5 2. d4 cxd4 3. c3 dxc3 4. Nxc3 d6 5. Bc4 e6 6. Nf3 Nc6 7. O-O Nf6 8. Qe2
a6 9. a4 Be7 10. Rd1 Qc7 11. Bf4 O-O 12. Rac1 Rd8 13. e5 dxe5 14. Rxd8+ Bxd8 15.
Nxe5 Nd7 16. Nd3 Nd4 17. Bxc7 Nxe2+ 18. Nxe2 Bxc7 19. Bxe6 Bxh2+ 20. Kxh2 fxe6
21. a5 b6 22. axb6 Nxb6 23. Nd4 Nd5 24. Ne5 g5 25. Rc6 Kg7 26. Nxe6+ Kf6 27.
Ng4+ Ke7 28. Nc7 Nxc7 29. Rxc7+ Kd6 30. Rc4 Rb8 31. Ne3 Be6 32. Ra4 Rxb2 33.
Rxa6+ Ke5 34. Ra5+ Kf6 35. Kg3 h5 36. Nd5+ Kg6 37. Ra6 Rb3+ 38. Kh2 Kf5 39. Ne3+
Ke5 40. Ra5+ Kf6 41. Nd5+ Bxd5 42. Rxd5 h4 43. f3 Kg6 44. Kh3 Kh5 45. Ra5 Rd3
1/2-1/2

[Event "Challenge"]
[Site "http://www.queenalice.com/game.php?id=1483048"]
[Date "2017.6.20"]
[Round "-"]
[White "jean_carlo_klein"]
[Black "Nuzzera"]
[Result "1-0"]
[WhiteElo "1316"]
[BlackElo "1504"]

1. e4 Nf6 2. e5 Nd5 3. Nc3 e6 4. d4 Bb4 5. Bd2 Qh4 6. Nf3 Qg4 7. h3 Qf5 8. Nxd5
Bxd2+ 9. Qxd2 exd5 10. Bd3 Qe6 11. O-O O-O 12. Bxh7+ Kh8 13. Rae1 Kxh7 14. Ng5+
Kg8 15. Nxe6 dxe6 16. Re3 c6 17. Rg3 Re8 18. Qh6 g6 19. h4 Nd7 20. h5 Nf8 21.
hxg6 Nxg6 22. Re1 Bd7 23. Ree3 Re7 24. Ref3 Be8 25. Rf6 Rd8 26. Rh3 c5 27. Qh7+
Kf8 28. Qxg6 Rc7 29. Rh7 Rdd7 30. Rh8+ Ke7 31. Rxe6+ fxe6 32. Qf6# 1-0

[Event "Challenge"]
[Site "http://www.queenalice.com/game.php?id=1483858"]
[Date "2017.6.26"]
[Round "-"]
[White "jean_carlo_klein"]
[Black "Baby_Chess_91"]
[Result "1-0"]
[WhiteElo "1296"]
[BlackElo "1073"]

1. e4 e5 2. f4 Nc6 3. Nf3 d5 4. exd5 Qxd5 5. Nc3 Qa5 6. fxe5 Nxe5 7. Qe2 Bd6 8.
d4 f6 9. dxe5 fxe5 10. Qb5+ Qxb5 11. Bxb5+ Bd7 12. Bxd7+ Kxd7 13. O-O Bc5+ 14.
Kh1 Ne7 15. Nxe5+ Ke6 16. Nd3 Nf5 17. Nxc5+ Kd6 18. Rxf5 Rae8 19. Bf4+ Kc6 20.
N5e4 Rd8 21. Rc5+ Kd7 22. Rd1+ Kc8 23. Rxc7+ Kb8 24. Rcd7+ Kc8 25. Rxd8+ Rxd8
26. Nd6+ Kd7 27. Nxb7+ Ke8 28. Rxd8+ Ke7 29. Rd6 h6 30. Nd5+ Kf7 31. Nd8+ Ke8
32. Nc7+ Ke7 33. Rg6 Kxd8 34. Rxg7 Kc8 35. Na6 h5 36. h4 Kd8 37. g4 hxg4 38. h5
Ke8 39. h6 Kf8 40. Be5 g3 41. h7 g2+ 42. Kxg2 Ke8 43. h8=Q# 1-0

[Event "I Classic Chess"]
[Site "http://www.queenalice.com/game.php?id=1485789"]
[Date "2017.7.13"]
[Round "4"]
[White "Rossini"]
[Black "jean_carlo_klein"]
[Result "1-0"]
[WhiteElo "1733"]
[BlackElo "1375"]

1. e4 c5 2. Nf3 d6 3. Be2 Nf6 4. d3 g6 5. O-O Bg7 6. c3 O-O 7. Bg5 Nc6 8. Nbd2
e6 9. Rc1 a6 10. d4 cxd4 11. cxd4 Qe8 12. Qb3 1-0